000 00679nam a2200217Ii 4500
003 JO-AjNU
008 230605s9999||||xx |||||||||||||| ||und||
020 _a978-9933-653-68-2
040 _aJO-AjNU
_bara
_erda
_cJO-AjNU
041 _aara
050 1 4 _aPJ7814.S5788.N8353 2020
100 3 _aعسكر، قصي الشيخ,
_eauthor
_963496
245 0 0 _aنوتنغهام في علبة لشمانيا
250 _aط1
264 3 1 _aسورية/دمشق: دار امل الجديدة، 2020
300 _a120ص
336 _atext
_btxt
_2rdacontent
337 _aunmediated
_bn
_2rdamedia
338 _avolume
_bnc
_2rdacarrier
650 4 _aرواية- ادب عربي
_963497
999 _aA28806
_c32374
_d32374